Normal view
MARC view
- Maturation (Psychology)
Entry Topical Term
001 - CONTROL NUMBER
- control field: 4437
003 - CONTROL NUMBER IDENTIFIER
- control field: NUST
005 - DATE AND TIME OF LATEST TRANSACTION
- control field: 20170829114602.0
008 - FIXED-LENGTH DATA ELEMENTS
- fixed length control field: 170829|| aca||aabn | a|a d
040 ## - CATALOGING SOURCE
- Original cataloging agency: NUST
- Transcribing agency: NUST
150 ## - HEADING--TOPICAL TERM
- Topical term or geographic name entry element: Maturation (Psychology)
670 ## - SOURCE DATA FOUND
- Source citation: Work cat.: (NUST)0: Johns, Hazel. 4435, Personal development in counsellor training /, 2012.
